00469nam a2200157Ia 4500003000400000005001700004008004100021040001800062041000800080082001500088100005100103245010000154260002900254600001400283650001400297OSt20260331111517.0211028s2010 xx 000 0 und d cAIMIT LIBRARY aeng a658.8 PRAS aPrakash S N, Shiva;Shanbhag, Santhosh.g816113 aAn analysis of price versus occupancy in order to maximum revenue for mango suites, Mangalore / bShanbhag, Santhoshc2010 aMarketing aMarketing